[Event "Patron CC-ch"]
[Site "Greece"]
[Date "2008.01.03"]
[Round "3"]
[White "Sofos, Spyridon"]
[Black "Stamatopoulos, Apostolos"]
[Result "0-1"]
[WhiteElo "1575"]
[BlackElo "1015"]
[PlyCount "74"]
[EventDate "2008.01.02"]
[EventType "swiss"]
[EventRounds "7"]
[EventCountry "GRE"]
[SourceTitle "EXT 2010"]
[Source "ChessBase"]
[SourceDate "2010.11.25"]
[SourceVersion "1"]
[SourceVersionDate "2010.11.25"]
[SourceQuality "1"]

1. d4 Nf6 2. Nf3 g6 3. c3 Bg7 4. Bg5 0-0 5. Nbd2 d6 6. e3 Bg4 7. h3 Bxf3 8. Nxf3 Nbd7 9. Bd3 c5 10. 0-0 Qb6 11. Qc2 Rac8 12. a4 c4 13. Be2 Rfe8 14. Nd2 d5 15. Rfb1 h6 16. Bf4 g5 17. Bh2 e6 18. b3 cxb3 19. Rxb3 Qd8 20. Rxb7 Qa5 21. Rb3 Nb6 22. Bd6 Bf8 23. Bxf8 Rxf8 24. Rb4 Qxb4 25. a5 Rxc3 26. Qd1 Nbd7 27. h4 Nh7 28. hxg5 Nxg5 29. Nf3 Qb3 30. Qd2 Qc2 31. Qe1 Nxf3+ 32. gxf3 Qg6+ 33. Kh1 Rcc8 34. Qd2 Kh8 35. Rg1 Qh5+ 36. Kg2 Rg8+ 37. Kf1 Rxg1+ 0-1